000 00838cab a2200253 4500
001 ABS53844
008 090401t1995 xxu||||| |||| 00| 0 eng d
035 _a(Sirsi) u6870
041 _aeng
100 _aFrank, A.U.
245 _aSurveying education for the future
260 _c1995
350 _a0
490 _aGeomatica
_v49(3) 1995, 273-282(10)
520 _aSynopsis of the proceedings of the Third International Think Tank of Surveying Education, highlighting the need for modernisation in order to reflect continuing relevance within the profession.
650 _aGRADUATES
650 _aHIGHER EDUCATION
650 _aSPATIAL INFORMATION
650 _aSURVEYING EDUCATION
650 _aSURVEYING PROFESSION
690 _aMANAGEMENT-BUSINESS MANAGEMENT-PROFESSIONAL PRACTICE
942 _n0
948 _c04/03/1997
999 _c4087
_d4087